000 00379pab a2200157 454500
008 180718b2001 xxu||||| |||| 00| 0 eng d
100 _aMoitra, Biplab
245 _aWomen and entrepreneurship: Sunderbans women show the way
260 _c2001
300 _ap.28-30
362 _aAig
650 _aEntrepreneurs
650 _aWomen
773 _aKurukshetra
909 _a49371
999 _c49371
_d49371